Dal a faluról [vers] /

Elmentve itt :
Bibliográfiai részletek
Szerző: Havas István
Dokumentumtípus: Cikk
Megjelent: 1940
Sorozat:Gyakorlati pedagógia
Kulcsszavak:Magyar irodalom - vers
Tárgyszavak:
Online Access:http://acta.bibl.u-szeged.hu/55129
LEADER 00638nab a2200193 i 4500
001 acta55129
005 20250404103214.0
008 180516s1940 hu o 000 hun d
040 |a SZTE Egyetemi Kiadványok Repozitórium  |b hun 
041 |a hun 
100 1 |a Havas István 
245 1 4 |a Dal a faluról   |h [elektronikus dokumentum] :  |b [vers] /  |c  Havas István 
260 |c 1940 
300 |a 864-865 
490 0 |a Gyakorlati pedagógia 
650 4 |a Bölcsészettudományok 
650 4 |a Nyelvek és irodalom 
695 |a Magyar irodalom - vers 
856 4 0 |u http://acta.bibl.u-szeged.hu/55129/1/gyakorlati_1940_011_012_864-865.pdf  |z Dokumentum-elérés